Biggest Trading Partners - Portugal - Statistics

General Stats
  • This quiz has been taken 88 times
  • The average score is 35 of 40
Answer Stats
Trade Value Country % Correct
8 056 Germany
100%
11 731 Germany
100%
15 392 Spain
100%
25 829 Spain
100%
4 334 United Kingdom
99%
2 215 United Kingdom
99%
836 Brazil
97%
1 174 Brazil
97%
8 489 France
97%
8 296 France
97%
3 577 United States
97%
1 646 United States
97%
2 781 Italy
96%
4 803 Italy
96%
924 Russia
96%
741 China
95%
3 726 China
95%
943 Poland
94%
1 211 Poland
94%
729 Canada
92%
973 Morocco
92%
1 580 Belgium
90%
2 762 Belgium
90%
1 003 Switzerland
90%
879 Switzerland
90%
2 707 Netherlands
88%
4 265 Netherlands
88%
910 India
86%
749 Turkey
83%
1 141 Turkey
83%
696 Sweden
82%
823 Sweden
82%
712 Austria
77%
500 Denmark
76%
1 387 Angola
65%
1 071 Angola
65%
744 Czechia
64%
834 Saudi Arabia
64%
517 Romania
63%
1 048 Nigeria
26%
No matching quizzes found
Score Distribution
Percent of People with Each Score
Percentile by Number Answered
Your Score History
You have not taken this quiz